[Event "AZE-ch Men 2019"]
[Site "Baku"]
[Date "2019.01.22"]
[Round "7"]
[White "Novruzov, Emin"]
[Black "Guliev, Sarhan"]
[Result "1/2-1/2"]
[WhiteElo "1910"]
[BlackElo "2342"]
[Annotator "NA"]
[PlyCount "69"]
[EventDate "2019.01.16"]
[EventType "swiss"]
[EventCountry "AZE"]
[SourceTitle "playchess.com"]
[Source "ChessBase"]
[SourceQuality "1"]
[TimeControl "40/5400+30:1800+30"]

1. e4 {[%emt 0:01:58]} e5 {[%emt 0:02:14]} 2. Nc3 {[%emt 0:01:41]} Nf6 {[%emt 0:00:19]} 3. Bc4 {[%emt 0:00:10]} Bc5 {[%emt 0:14:07]} 4. d3 {[%emt 0:02:43]} d6 {[%emt 0:05:43]} 5. Na4 {[%emt 0:05:58]} Bb4+ {[%emt 0:03:05]} 6. c3 {[%emt 0:00:48]} Ba5 {[%emt 0:00:02] C27: Vienna Game: 2...Nf6 3 Bc4 Nxe4} 7. b4 {[%emt 0:00:11]} Bb6 {[%emt 0:00:02]} 8. Nxb6 {[%emt 0:00:58]} axb6 {[%emt 0:00:01]} 9. Bg5 {[%emt 0:05:10]} h6 $146 {[%emt 0:00:54]} ({Predecessor:} 9... Be6 10. Bxe6 fxe6 11. Qb3 Qe7 12. Ne2 O-O 13. f4 Nbd7 14. f5 {½-½ (85) Zeller,F (2440)-Latzke,B (2205) Willsbach 1997}) 10. Bh4 {[%emt 0:00:21]} Be6 {[%emt 0:07:17]} 11. Bxe6 {[%emt 0:07:25]} fxe6 {[%emt 0:00:18]} 12. f3 {[%emt 0:01:23]} Nbd7 {[%emt 0:00:22]} 13. Ne2 {[%emt 0:00:50]} Qe7 {[%emt 0:00:48]} 14. O-O {[%emt 0:01:16]} O-O {[%emt 0:03:46]} 15. Qb3 {[%emt 0:06:27]} Kh7 {[%emt 0:04:46]} 16. Rad1 {[%emt 0:01:58]} g5 {[%emt 0:03:35]} 17. Be1 {[%emt 0:01:51]} Nh5 {[%emt 0:00:40]} 18. d4 {[%emt 0:01:48]} g4 {[%emt 0:02:12]} 19. c4 {[%emt 0:03:54]} gxf3 {[%emt 0:05:07]} 20. Rxf3 {[%emt 0:00:20]} exd4 {[%emt 0:00:47]} 21. Nxd4 {[%emt 0:02:29]} Ne5 {[%emt 0:00:16]} 22. Rxf8 {[%emt 0:23:07]} Rxf8 {[%emt 0:00:45]} 23. c5 {[%emt 0:04:19]} Qf6 $17 {[%emt 0:04:44]} ({But not} 23... dxc5 24. Qxe6 Qg7 25. Nf5 $15) 24. Nf3 {[%emt 0:05:57]} Nf4 {[%emt 0:06:10]} 25. cxd6 {[%emt 0:08:47]} cxd6 {[%emt 0:05:43]} 26. Bg3 {[%emt 0:04:10]} Ne2+ {[%emt 0:01:47]} 27. Kf2 {[%emt 0:00:23]} Nxf3 {[%emt 0:07:34]} 28. gxf3 {[%emt 0:00:36]} Nd4 {[%emt 0:04:23]} 29. e5 {[%emt 0:00:45]} dxe5 {[%emt 0:02:33]} 30. Qd3+ {[%emt 0:00:57]} Kg8 {[%emt 0:05:42]} 31. Bxe5 {[%emt 0:02:54]} Qxe5 {[%emt 0:00:59]} 32. Qg6+ {[%emt 0:00:17]} Kh8 {[%emt 0:04:24]} 33. Qxh6+ {[%emt 0:00:04]} Kg8 {[%emt 0:00:05]} 34. Qg6+ {[%emt 0:00:03]} Kh8 {[%emt 0:00:01]} 35. Qh6+ {[%emt 0:00:11]} 1/2-1/2

[Event "AZE-ch Men 2019"]
[Site "Baku"]
[Date "2019.01.23"]
[Round "8"]
[White "Bajarani, Ulvi"]
[Black "Guliev, Logman"]
[Result "1/2-1/2"]
[WhiteElo "2421"]
[BlackElo "2322"]
[Annotator "TA"]
[PlyCount "129"]
[EventDate "2019.01.16"]
[EventType "swiss"]
[EventCountry "AZE"]
[SourceTitle "playchess.com"]
[Source "ChessBase"]
[SourceQuality "1"]

{[%evp 18,129,36,0,20,0,42,0,11,-26,0,0,0,0,14,0,0,-13,41,42,40,54,53,29,54,45,45,45,52,50,39,52,51,47,61,23,13,0,2,0,0,0,2,-1,12,6,12,0,4,0,4,4,48,3,47,52,53,0,0,0,0,0,0,0,0,0,0,0,0,0,0,0,0,0,0,0,0,0,0,0,0,0,0,-8,-8,-8,-8,-8,-8,-8,-8,-8,-8,-8,-8,-8,-8,-8,-8,-8,-8,-8,-8,-8,0,-8,0,-8,0,0,0,-8,0,0]} 1. Nf3 Nf6 2. c4 g6 3. b3 Bg7 4. Bb2 O-O 5. g3 c6 6. Bg2 d6 7. d4 Nbd7 8. O-O Qc7 9. Nc3 e5 10. dxe5 dxe5 {E60: King's Indian: Unusual lines and Fianchetto Variation without Nc3} (10... Nxe5 11. Nd4 a5 12. h3 Re8 13. Rc1 Ned7 14. Qd2 Nc5 15. Rfd1 Nfe4 16. Nxe4 Nxe4 17. Qc2 Qe7 18. e3 {½-½ (43) Fang,Y (2490)-Zhao,Y (2389) Xingtai 2018}) 11. Ba3 Re8 (11... e4 $5 {[%cal Re4f3]} 12. Nd4 (12. Bxf8 exf3 13. Bd6 Qa5 $11) 12... Re8 $11) 12. Nd2 Qa5 13. Bb2 Nc5 $146 (13... e4 $5 14. e3 Nc5 $15) ({Predecessor:} 13... e4 14. Qc2 e3 15. Nde4 exf2+ 16. Nxf2 Nc5 17. e4 Ne6 18. Ne2 Qb6 {1-0 (30) Ristoja,S-Jarnefelt,W Espoo 2002}) 14. a3 Ne6 15. b4 Qc7 16. c5 Rd8 17. Qc1 Nd4 (17... Rb8 $11) 18. e3 $14 Nf5 19. Qc2 Be6 20. Rfd1 h5 21. Nde4 Nxe4 22. Nxe4 Bd5 23. Nd2 {[#] Threatens to win with e4.} Bxg2 24. Kxg2 Qe7 25. h3 Qg5 {aiming for ...Qxg3+!} 26. Qe4 Rd5 {Threatening ...Rad8.} 27. Nf3 Qd8 28. Rdc1 Qe7 29. Rc4 Rad8 30. Qc2 Rd3 {[#] Hoping for ...e4.} 31. e4 $36 {[%mdl 2048] White has some pressure.} Qe6 32. Rc3 Rxc3 33. Qxc3 Nd4 34. Qd3 b5 35. Re1 Qa2 (35... a5 $5) 36. Bxd4 exd4 37. e5 (37. Rc1 $1 $14) 37... Qc4 $1 $11 {[%cal Rc4d3] The position is equal.} 38. Rd1 Qe6 39. Qe4 d3 $1 40. Rxd3 Rxd3 41. Qxd3 Bxe5 42. Qd8+ Kg7 43. Qa8 Qd5 44. h4 Bb2 45. Qxa7 Qe4 46. Qa8 g5 47. hxg5 h4 $1 {[%cal Rh4h3] White must now prevent ...h3+!} 48. Qc8 hxg3 49. Kxg3 {Qd8 is the strong threat.} Bxa3 50. Qd7 Bxb4 51. Qd4+ $1 Qxd4 52. Nxd4 Bxc5 53. Nxc6 {[%mdl 4096] Endgame KB-KN} b4 54. Na5 Kg6 {next ...Bb6 is good for Black.} 55. f4 Kf5 {Strongly threatening ...Bd6.} 56. Kf3 Ba7 57. Nb3 Bb6 58. Na1 Bd4 59. Nb3 Bc3 60. Na5 Bd4 61. Nb3 Ba7 62. Na5 Bg1 63. Nb3 Bb6 64. Na1 Bc5 65. Nb3 {Accuracy: White = 65%, Black = 51%.} 1/2-1/2

[Event "AZE-ch Men 2019"]
[Site "Baku"]
[Date "2019.01.23"]
[Round "8"]
[White "Gadimbayli, Abdulla"]
[Black "Shahaliyev, Ismayil"]
[Result "1/2-1/2"]
[WhiteElo "2409"]
[BlackElo "2389"]
[Annotator "NA"]
[PlyCount "80"]
[EventDate "2019.01.16"]
[EventType "swiss"]
[EventCountry "AZE"]
[SourceTitle "playchess.com"]
[Source "ChessBase"]
[SourceQuality "1"]
[TimeControl "40/5400+30:1800+30"]

{[%evp 8,60,4,0,32767,-8,32767,32767,32767,12,39,3,32767,-19,0,0,0,4,7,2,0,0,7,0,2,9,32,22,2,0,0,-15,-7,-22,-62,-45,9,-38,32767,0,0,0,0,0,15,5,3,0,0,0,22,0,32,12,39]} 1. e4 {[%emt 0:10:52]} e6 {[%emt 0:03:47]} 2. d4 {[%emt 0:00:14]} d5 {[%emt 0:00:22]} 3. e5 {[%emt 0:00:30]} c5 {[%emt 0:00:47]} 4. c3 {[%emt 0:00:10]} Nc6 {[%emt 0:00:11]} 5. Nf3 {[%emt 0:00:08]} Qb6 {[%emt 0:00:04]} 6. a3 {[%emt 0:00:31]} Nh6 {[%emt 0:01:38]} 7. b4 {[%emt 0:11:49]} cxd4 {[%emt 0:00:18]} 8. Bxh6 {[%emt 0:01:19]} gxh6 {[%emt 0:00:09]} 9. cxd4 {[%emt 0:00:02]} Bd7 {[%emt 0:04:32]} 10. Be2 {[%emt 0:06:10]} Rg8 {[%emt 0:03:35] C02: French: Advance Variation} 11. O-O {[%emt 0:04:18]} Rg4 {[%emt 0:00:19]} 12. h3 {[%emt 0:04:02]} Rf4 {[%emt 0:00:56]} 13. g3 {[%emt 0:03:10]} Rxf3 {[%emt 0:01:11]} 14. Bxf3 {[%emt 0:00:06]} Qxd4 {[%emt 0:00:22] LiveBook: 11 Games} 15. Qxd4 {[%emt 0:02:05]} Nxd4 {[%emt 0:00:09]} 16. Bh5 {[%emt 0:00:26]} Bg7 {[%emt 0:12:01]} 17. f4 $1 {[%emt 0:05:37]} Ke7 {[%emt 0:01:50] [#]} 18. Rd1 $146 {[%emt 0:07:06]} ({Predecessor:} 18. Nd2) 18... Nf5 {[%emt 0:05:01]} 19. Kf2 {[%emt 0:01:29]} f6 $1 {[%emt 0:01:03]} 20. exf6+ {[%emt 0:04:47]} Bxf6 {[%emt 0:01:44]} 21. Ra2 {[%emt 0:00:04]} a5 {[%emt 0:02:31]} 22. bxa5 {[%emt 0:03:11]} Rxa5 {[%emt 0:00:11]} 23. Bg4 {[%emt 0:02:40]} Nd6 {[%emt 0:03:03]} 24. Bf3 {[%emt 0:04:12]} Rc5 {[%emt 0:02:16]} 25. Nd2 {[%emt 0:01:31]} Rc3 {[%emt 0:01:41]} 26. Rb1 {[%emt 0:01:17]} Bc6 {[%emt 0:02:44]} 27. Rb3 {[%emt 0:03:47]} Rc1 {[%emt 0:00:44]} 28. Rb1 {[%emt 0:02:02]} Rc5 {[%emt 0:01:18]} 29. a4 {[%emt 0:01:18]} e5 {[%emt 0:06:46]} 30. fxe5 {[%emt 0:01:10]} Bxe5 $14 {[%emt 0:01:18]} 31. a5 {[%emt 0:03:03]} Ne4+ {[%emt 0:02:56]} 32. Nxe4 {[%emt 0:01:16]} dxe4 {[%emt 0:00:19]} 33. Bd1 {[%emt 0:00:24]} Rc3 {[%emt 0:00:43]} 34. a6 {[%emt 0:01:01]} Bxg3+ {[%emt 0:01:08]} 35. Ke2 {[%emt 0:00:31]} bxa6 {[%emt 0:00:12]} 36. Rxa6 {[%emt 0:00:07]} Bc7 {[%emt 0:02:01]} 37. Ba4 {[%emt 0:05:02]} Bxa4 {[%emt 0:01:13]} 38. Rxa4 {[%emt 0:00:05]} Rxh3 {[%emt 0:00:06]} 39. Rxe4+ {[%emt 0:00:00]} Kf6 {[%emt 0:00:00]} 40. Re3 {[%emt 0:00:00]} Rxe3+ {[%emt 0:00:00]} 1/2-1/2

[Event "AZE-ch Men 2019"]
[Site "Baku"]
[Date "2019.01.23"]
[Round "8"]
[White "Abdulov, Orkhan"]
[Black "Babazada, Khazar"]
[Result "1/2-1/2"]
[WhiteElo "2395"]
[BlackElo "2299"]
[Annotator "NA"]
[PlyCount "31"]
[EventDate "2019.01.16"]
[EventType "swiss"]
[EventCountry "AZE"]
[SourceTitle "playchess.com"]
[Source "ChessBase"]
[SourceQuality "1"]
[TimeControl "40/5400+30:1800+30"]

1. e4 {[%emt 0:12:21]} c5 {[%emt 0:00:00]} 2. Nf3 {[%emt 0:00:06]} d6 {[%emt 0:00:00]} 3. d4 {[%emt 0:00:05]} cxd4 {[%emt 0:00:04]} 4. Nxd4 {[%emt 0:00:07]} Nf6 {[%emt 0:00:03]} 5. f3 {[%emt 0:02:18]} a6 {[%emt 0:02:29]} 6. c4 {[%emt 0:01:38]} e5 {[%emt 0:00:53]} 7. Nb3 {[%emt 0:01:21]} Be7 {[%emt 0:00:33]} 8. Nc3 {[%emt 0:00:20]} O-O {[%emt 0:00:43]} 9. Be2 {[%emt 0:01:45]} Be6 {[%emt 0:01:37]} 10. Be3 {[%emt 0:00:12]} Nbd7 {[%emt 0:00:03] LiveBook: 3 Games} 11. Nd5 {[%emt 0:00:50]} Bxd5 {[%emt 0:00:41]} 12. cxd5 $14 {[%emt 0:00:21]} Nc5 {[%emt 0:00:15]} 13. Nd2 {[%emt 0:00:01]} Ncd7 {[%emt 0:00:02]} 14. Nb3 {[%emt 0:00:04]} Nc5 {[%emt 0:00:03]} 15. Nd2 {[%emt 0:00:02]} Ncd7 {[%emt 0:00:03]} 16. Nb3 {[%emt 0:00:02]} 1/2-1/2

[Event "AZE-ch Men 2019"]
[Site "Baku"]
[Date "2019.01.23"]
[Round "8"]
[White "Davidov, Samir"]
[Black "Asadli, Vugar"]
[Result "0-1"]
[WhiteElo "2344"]
[BlackElo "2471"]
[Annotator "ChessBase"]
[PlyCount "90"]
[EventDate "2019.01.16"]
[EventType "swiss"]
[EventCountry "AZE"]
[SourceTitle "playchess.com"]
[Source "ChessBase"]
[SourceQuality "1"]
[TimeControl "40/5400+30:1800+30"]

1. e4 {[%emt 0:10:41]} e6 {[%emt 0:00:00]} 2. d3 {[%emt 0:00:04]} d5 {[%emt 0:00:08]} 3. Nd2 {[%emt 0:00:06]} c5 {[%emt 0:00:18]} 4. Ngf3 {[%emt 0:00:09]} Nc6 {[%emt 0:00:28]} 5. g3 {[%emt 0:00:05]} g6 {[%emt 0:00:44]} 6. Bg2 {[%emt 0:00:05]} Bg7 {[%emt 0:00:16]} 7. O-O {[%emt 0:00:06]} Nf6 {[%emt 0:01:08]} 8. Re1 {[%emt 0:00:06]} O-O {[%emt 0:00:17]} 9. c3 {[%emt 0:00:05]} a5 {[%emt 0:00:12]} 10. e5 {[%emt 0:00:06]} Ng4 {[%emt 0:01:29]} 11. d4 {[%emt 0:00:09]} cxd4 {[%emt 0:01:24]} 12. cxd4 {[%emt 0:00:02]} f6 {[%emt 0:00:06]} 13. h3 {[%emt 0:00:32]} Nxf2 {[%emt 0:01:15]} 14. Kxf2 {[%emt 0:00:06]} fxe5 {[%emt 0:00:03]} 15. Kg1 {[%emt 0:00:17]} exd4 {[%emt 0:09:15]} 16. Nb3 {[%emt 0:00:16]} e5 {[%emt 0:05:29]} 17. Bg5 {[%emt 0:00:40]} Qd6 {[%emt 0:03:16]} 18. Rc1 {[%emt 0:06:54]} h6 {[%emt 0:12:10]} 19. Bd2 {[%emt 0:00:09]} g5 {[%emt 0:07:21]} 20. Nh2 {[%emt 0:12:29]} e4 {[%emt 0:07:31]} 21. Nf1 {[%emt 0:00:10]} b6 {[%emt 0:05:04]} 22. Be3 {[%emt 0:17:45]} dxe3 {[%emt 0:03:03]} 23. Bxe4 {[%emt 0:00:06]} Be6 {[%emt 0:08:58]} 24. Rxe3 {[%emt 0:00:13]} a4 {[%emt 0:01:46]} 25. Bg2 {[%emt 0:00:06]} Bf7 {[%emt 0:01:05]} 26. Nbd2 {[%emt 0:00:14]} Bd4 {[%emt 0:01:33]} 27. Kh2 {[%emt 0:00:06]} Bxe3 {[%emt 0:01:53]} 28. Nxe3 {[%emt 0:00:24]} Ne7 {[%emt 0:00:54]} 29. Ng4 {[%emt 0:04:10]} Rad8 {[%emt 0:05:31]} 30. Qxa4 {[%emt 0:00:58]} h5 {[%emt 0:01:49]} 31. Ne3 {[%emt 0:00:08]} h4 {[%emt 0:00:45]} 32. Ndf1 {[%emt 0:02:06]} d4 {[%emt 0:01:32]} 33. Nc4 {[%emt 0:03:12]} Qf6 {[%emt 0:00:19]} 34. Ncd2 {[%emt 0:10:25]} Bd5 {[%emt 0:02:24]} 35. Ne4 {[%emt 0:00:37]} Qe5 {[%emt 0:00:17]} 36. Qb5 {[%emt 0:01:55]} Rf5 {[%emt 0:02:31]} 37. Qe2 {[%emt 0:04:35]} Rdf8 {[%emt 0:03:06]} 38. Kg1 {[%emt 0:02:24]} Rf2 {[%emt 0:01:17]} 39. Qxf2 {[%emt 0:00:46]} Rxf2 {[%emt 0:00:04]} 40. Nxf2 {[%emt 0:00:00]} Bxg2 {[%emt 0:00:00]} 41. Kxg2 {[%emt 0:00:11]} Nf5 {[%emt 0:01:29]} 42. Ng4 {[%emt 0:04:48]} Qe2+ {[%emt 0:00:43]} 43. Kg1 {[%emt 0:00:05]} hxg3 {[%emt 0:02:02]} 44. Rc8+ {[%emt 0:04:24]} Kf7 {[%emt 0:00:26]} 45. Rc2 {[%emt 0:01:40]} Qxc2 {[%emt 0:00:33]} 0-1

[Event "AZE-ch Men 2019"]
[Site "Baku"]
[Date "2019.01.23"]
[Round "8"]
[White "Zeynalov, Farid"]
[Black "Muradli, Mahammad"]
[Result "0-1"]
[WhiteElo "2344"]
[BlackElo "2432"]
[Annotator "NA"]
[PlyCount "160"]
[EventDate "2019.01.16"]
[EventType "swiss"]
[EventCountry "AZE"]
[SourceTitle "playchess.com"]
[Source "ChessBase"]
[SourceQuality "1"]
[TimeControl "40/5400+30:1800+30"]

1. d4 d6 {[%emt 0:11:24]} 2. e4 {[%emt 0:00:00]} Nf6 {[%emt 0:02:31]} 3. Nc3 {[%emt 0:00:00]} g6 {[%emt 0:00:02]} 4. f4 {[%emt 0:00:26]} Bg7 {[%emt 0:00:19]} 5. Nf3 {[%emt 0:00:06]} O-O {[%emt 0:00:29]} 6. Bd3 {[%emt 0:00:20]} Na6 {[%emt 0:00:08]} 7. O-O {[%emt 0:03:04]} c5 {[%emt 0:00:07]} 8. d5 $1 {[%emt 0:00:41]} Bg4 {[%emt 0:00:35]} 9. h3 {[%emt 0:05:10]} Bxf3 {[%emt 0:02:19]} 10. Rxf3 {[%emt 0:00:10]} Nc7 {[%emt 0:03:01] LiveBook: 47 Games B09: Pirc Defence: Austrian Attack} 11. a4 {[%emt 0:01:17]} a6 {[%emt 0:05:43]} 12. a5 {[%emt 0:04:32]} Re8 $146 {[%emt 0:15:35]} ({Predecessor:} 12... Nb5 13. Ne2 e6 14. dxe6 fxe6 15. f5 gxf5 16. exf5 e5 17. c4 {½-½ (41) Swiercz,D (2636)-Mamedov,R (2678) Atlantic City 2016}) 13. f5 {[%emt 0:06:53]} Nd7 {[%emt 0:03:14]} 14. Bg5 {[%emt 0:09:15]} (14. Rf1 $16) 14... c4 {[%emt 0:07:36]} 15. Bf1 {[%emt 0:08:54]} Nb5 $1 {[%emt 0:00:47]} 16. Kh1 {[%emt 0:05:24]} ({Much worse is} 16. Bxc4 Nxc3 17. Rxc3 Bxc3 $17) 16... Qc7 {[%emt 0:03:45]} 17. Qd2 {[%emt 0:05:41]} (17. Be3 $14) 17... Be5 {[%emt 0:04:08]} ({Black should play} 17... Nxc3 $11 18. bxc3 Ne5) 18. Nd1 {[%emt 0:11:17]} f6 {[%emt 0:07:01]} (18... c3 $11 19. Nxc3 Nxc3 20. bxc3 Rac8) 19. fxg6 $2 {[%emt 0:09:15]} (19. Bh4 $16) 19... hxg6 {[%emt 0:05:11]} (19... fxg5 $15 {keeps the upper hand.} 20. Qxg5 Nd4) 20. Bh4 {[%emt 0:02:06]} Kg7 {[%emt 0:03:01]} 21. Bf2 {[%emt 0:07:00]} c3 {[%emt 0:05:27]} 22. Nxc3 {[%emt 0:04:41]} Nxc3 {[%emt 0:00:12]} 23. bxc3 Rec8 {[%emt 0:00:07]} 24. Be1 {[%emt 0:02:35]} ({White should play} 24. Bd4 $14) 24... Nc5 {[%emt 0:00:48]} 25. Qe3 {[%emt 0:00:09]} b6 {[%emt 0:01:33]} 26. h4 {[%emt 0:07:15]} bxa5 {[%emt 0:01:20]} 27. g4 {[%emt 0:00:55]} Qb6 {[%emt 0:02:10]} 28. g5 {[%emt 0:02:56]} Rh8 {[%emt 0:02:55]} 29. gxf6+ {[%emt 0:03:33]} exf6 {[%emt 0:00:24]} 30. Bd3 {[%emt 0:00:32]} a4 {[%emt 0:00:44]} 31. Qc1 {[%emt 0:00:37]} Rab8 {[%emt 0:01:20]} 32. Kg2 {[%emt 0:00:40]} Qc7 {[%emt 0:01:37]} 33. Ra3 {[%emt 0:00:28]} Qd7 {[%emt 0:00:11]} 34. Qe3 {[%emt 0:00:30]} Rb1 {[%emt 0:01:00]} 35. Rh3 {[%emt 0:00:31]} Qg4+ {[%emt 0:03:19]} 36. Bg3 {[%emt 0:00:28]} Nxd3 {[%emt 0:01:43]} 37. Qxd3 {[%emt 0:00:21]} Bf4 {[%emt 0:00:08]} 38. c4 {[%emt 0:00:36]} Rd1 {[%emt 0:00:16]} 39. Qf3 {[%emt 0:00:12]} Rd2+ {[%emt 0:00:04]} 40. Kg1 {[%emt 0:00:00]} Qxh3 {[%emt 0:00:00]} 41. Bxf4 {[%emt 0:00:05]} Qxf3 {[%emt 0:01:23]} 42. Rxf3 {[%emt 0:00:03]} Rxc2 {[%emt 0:00:01]} 43. Bxd6 {[%emt 0:00:13]} Rxh4 {[%emt 0:00:09]} 44. e5 {[%emt 0:02:45]} Rhxc4 {[%emt 0:02:23]} 45. Rxf6 {[%emt 0:00:55]} Rd4 {[%emt 0:00:39]} 46. Rf1 {[%emt 0:04:25]} Rg4+ $2 {[%emt 0:01:07]} (46... Rxd5 47. Re1 Rdd2) 47. Kh1 {[%emt 0:00:08]} Rc8 {[%emt 0:00:03]} 48. e6 {[%emt 0:00:33]} Rh8+ {[%emt 0:00:06]} 49. Bh2 {[%emt 0:00:03]} Rgh4 {[%emt 0:01:24]} 50. Rf7+ {[%emt 0:00:39]} Kg8 {[%emt 0:00:01]} 51. d6 {[%emt 0:00:28]} Rxh2+ {[%emt 0:00:04]} 52. Kg1 {[%emt 0:00:01]} Rh1+ {[%emt 0:00:06]} 53. Kg2 {[%emt 0:00:07]} R8h2+ {[%emt 0:00:04]} 54. Kg3 {[%emt 0:00:09]} Rd2 {[%emt 0:01:41]} (54... Rh3+ $142 55. Kg4 Rd3) 55. d7 {[%emt 0:06:28]} Re1 {[%emt 0:00:05]} 56. e7 {[%emt 0:00:52]} Rxd7 {[%emt 0:00:05]} 57. e8=Q+ {[%emt 0:00:09]} Rxe8 {[%emt 0:00:01]} 58. Rxd7 {[%emt 0:00:08]} a5 {[%emt 0:01:30]} 59. Kf4 $19 {[%emt 0:00:54]} Ra8 {[%emt 0:00:57]} 60. Kg5 {[%emt 0:02:10]} Ra6 {[%emt 0:00:04]} 61. Rd4 {[%emt 0:00:07]} a3 {[%emt 0:00:07]} 62. Ra4 {[%emt 0:00:03]} Kg7 {[%emt 0:00:11]} 63. Rxa3 {[%emt 0:00:03]} a4 {[%emt 0:00:05]} 64. Kf4 {[%emt 0:00:11]} Kf6 {[%emt 0:00:04]} 65. Ke4 {[%emt 0:00:03]} g5 {[%emt 0:00:10]} 66. Rf3+ {[%emt 0:00:06]} Kg6 {[%emt 0:00:03]} 67. Ra3 {[%emt 0:00:03]} Ra5 {[%emt 0:00:10]} 68. Kd4 {[%emt 0:00:32]} g4 {[%emt 0:00:04]} 69. Ke3 {[%emt 0:00:31]} Kf5 {[%emt 0:00:10]} 70. Kf2 {[%emt 0:00:09]} Ke4 {[%emt 0:00:16]} 71. Kg3 {[%emt 0:00:04]} Kd4 {[%emt 0:00:03]} 72. Kxg4 {[%emt 0:00:05]} Kc4 {[%emt 0:00:02]} 73. Kf3 {[%emt 0:00:05]} Kb4 {[%emt 0:00:03]} 74. Re3 {[%emt 0:00:12]} a3 {[%emt 0:00:23]} 75. Re4+ {[%emt 0:00:03]} Kc3 {[%emt 0:00:03]} 76. Re3+ {[%emt 0:00:07]} Kd2 {[%emt 0:00:06]} 77. Re2+ {[%emt 0:00:02]} Kd1 {[%emt 0:00:03]} 78. Ra2 {[%emt 0:00:03]} Kc1 {[%emt 0:00:07]} 79. Ke3 {[%emt 0:01:36]} Kb1 {[%emt 0:00:01]} 80. Rd2 {[%emt 0:01:16]} a2 {[%emt 0:00:02]} 0-1

[Event "AZE-ch Men 2019"]
[Site "Baku"]
[Date "2019.01.23"]
[Round "8"]
[White "Guliev, Sarhan"]
[Black "Isgandarov, Shahriyar"]
[Result "1-0"]
[WhiteElo "2342"]
[BlackElo "2113"]
[Annotator "NA"]
[PlyCount "92"]
[EventDate "2019.01.16"]
[EventType "swiss"]
[EventCountry "AZE"]
[SourceTitle "playchess.com"]
[Source "ChessBase"]
[SourceQuality "1"]
[TimeControl "40/5400+30:1800+30"]

1. d4 {[%emt 0:10:27]} d6 {[%emt 0:00:00]} 2. Nf3 {[%emt 0:02:09]} Nd7 {[%emt 0:00:03]} 3. c4 {[%emt 0:00:21]} e5 {[%emt 0:00:07]} 4. Nc3 {[%emt 0:00:07]} Ngf6 {[%emt 0:00:40]} 5. e4 {[%emt 0:00:50]} Be7 {[%emt 0:01:07] LiveBook: 1474 Games} 6. Be2 {[%emt 0:00:13]} O-O {[%emt 0:00:36]} 7. O-O {[%emt 0:00:07]} b6 {[%emt 0:03:49] A55: Old Indian Defence with Nf3 and e4} (7... c6 8. Re1 Qe8 9. Bf1 Bd8 10. h3 Qe7 11. Be3 Ba5 12. Nd2 Rd8 13. Qc2 Nf8 14. d5 h6 15. a3 Bb6 16. b4 Bxe3 17. Rxe3 {0-1 (65) Jakovenko,D (2726)-Jobava,B (2706) Loo 2014}) 8. Re1 {[%emt 0:07:39]} Bb7 {[%emt 0:02:45]} 9. Bf1 {[%emt 0:01:23]} Re8 {[%emt 0:00:35]} 10. b3 $146 {[%emt 0:02:12]} ({Predecessor:} 10. Qc2 a6 11. d5 c6 12. Bd2 Rc8 13. b4 b5 14. dxc6 Bxc6 15. Qb3 {1-0 (41) Thybo,J (2442)-Fries Nielsen,J (2354) Kolding 2017}) 10... Bf8 {[%emt 0:01:51]} 11. d5 {[%emt 0:09:01]} g6 {[%emt 0:01:23]} 12. Bg5 {[%emt 0:05:18]} h6 {[%emt 0:00:54]} 13. Bd2 {[%emt 0:00:08]} Bg7 {[%emt 0:00:51]} 14. g3 {[%emt 0:00:52]} Nf8 {[%emt 0:01:23]} 15. Nh4 {[%emt 0:02:36]} Bc8 {[%emt 0:01:01]} 16. f3 {[%emt 0:11:56]} Bd7 {[%emt 0:01:25]} 17. b4 {[%emt 0:00:32]} N6h7 {[%emt 0:06:35]} 18. Qc2 {[%emt 0:02:03]} Bf6 {[%emt 0:06:44]} 19. Ng2 {[%emt 0:02:50]} Ng5 {[%emt 0:01:02]} 20. Bxg5 {[%emt 0:01:05]} Bxg5 {[%emt 0:02:25]} 21. c5 {[%emt 0:00:37]} dxc5 {[%emt 0:03:01]} 22. bxc5 {[%emt 0:00:10]} Be7 {[%emt 0:00:35]} 23. c6 {[%emt 0:02:15]} Bh3 {[%emt 0:01:17]} 24. Ne3 {[%emt 0:01:36]} Bxf1 {[%emt 0:00:47]} 25. Kxf1 {[%emt 0:02:56]} ({Of course not} 25. Nxf1 Nh7 $11) 25... Bc5 {[%emt 0:01:20]} 26. Kg2 {[%emt 0:02:10]} Nh7 {[%emt 0:02:34]} 27. Nc4 {[%emt 0:03:00]} a6 {[%emt 0:01:12]} 28. Rad1 {[%emt 0:03:53]} Nf6 {[%emt 0:06:26]} 29. Na4 {[%emt 0:04:39]} Bb4 {[%emt 0:02:39]} 30. Nd2 {[%emt 0:03:03]} h5 {[%emt 0:01:41]} 31. Nb2 $14 {[%emt 0:03:27]} b5 {[%emt 0:08:42]} 32. Nd3 {[%emt 0:00:16]} Bf8 {[%emt 0:01:45]} 33. h4 {[%emt 0:02:32]} Qd6 {[%emt 0:03:10]} 34. Nb3 {[%emt 0:02:04]} Qa3 {[%emt 0:05:21]} 35. Nbc5 {[%emt 0:03:35]} Bd6 {[%emt 0:05:48]} 36. Rb1 {[%emt 0:02:49]} Qa5 {[%emt 0:01:34]} 37. Nb7 {[%emt 0:02:44]} Qb6 {[%emt 0:00:25]} 38. a4 {[%emt 0:01:43]} Qd4 {[%emt 0:05:12]} 39. Ndc5 {[%emt 0:01:50]} bxa4 {[%emt 0:05:27]} 40. Red1 {[%emt 0:00:00]} Qe3 {[%emt 0:00:00]} 41. Nxd6 {[%emt 0:02:47]} cxd6 {[%emt 0:00:33]} 42. Nb7 {[%emt 0:00:06]} Rf8 {[%emt 0:04:17]} 43. Rd3 {[%emt 0:01:24]} Qa7 {[%emt 0:01:46]} 44. Nxd6 {[%emt 0:01:02]} Qc7 {[%emt 0:00:38]} 45. Nb7 {[%emt 0:01:10]} Rac8 {[%emt 0:00:29]} 46. Qxa4 {[%emt 0:00:21]} Ne8 {[%emt 0:01:25]} 1-0